| 000 | 00705nam a2200253Ia 4500 | ||
|---|---|---|---|
| 008 | 180523s9999 xx 000 0 und d | ||
| 020 | _a0-07-365863-4 | ||
| 050 | _aMAIN HF 1416 | ||
| 050 | _b.J64 2000 | ||
| 100 | _aJohansson, Johny K. | ||
| 245 | 0 | _aGlobal marketing / | |
| 245 | 0 | _bforeign entry, local marketing, & global management / | |
| 245 | 0 | _cJohny K. Johansson. | |
| 250 | _a2nd Edition | ||
| 260 | _aNew York : | ||
| 260 | _bMcGraw-Hill, | ||
| 260 | _c2001 | ||
| 300 | _a604 pages : | ||
| 300 | _billustrations ; | ||
| 300 | _c27 cm. | ||
| 500 | _aIncludes bibliographical references and index. | ||
| 650 | _aExport marketing. | ||
| 650 | _xExport marketing -- Management. | ||
| 999 |
_c356999 _d356999 |
||